000
00300nam a22001337a 4500
008
170601b xxu||||| |||| 00| 0 eng d
020
_a
9780077492007
041
_a
eng
080
_2
2ND
_a
93
100
_a
17
101
_a
SHH
245
_a
TRADITIONS & ENCOUNTERS
_c
BENTLEY, J.H
942
_2
udc
_c
BK
999
_c
15466
_d
15466